<?xml version="1.0" encoding="UTF-8"?><?xml-stylesheet type="text/xsl" href="static/style.xsl"?><OAI-PMH xmlns="http://www.openarchives.org/OAI/2.0/" xmlns:xsi="http://www.w3.org/2001/XMLSchema-instance" xsi:schemaLocation="http://www.openarchives.org/OAI/2.0/ http://www.openarchives.org/OAI/2.0/OAI-PMH.xsd"><responseDate>2026-06-01T18:56:53Z</responseDate><request verb="GetRecord" identifier="oai:riuma.uma.es:10630/32827" metadataPrefix="marc">https://riuma.uma.es/rest/oai/request</request><GetRecord><record><header><identifier>oai:riuma.uma.es:10630/32827</identifier><datestamp>2026-02-03T10:49:08Z</datestamp><setSpec>com_10630_2254</setSpec><setSpec>col_10630_37953</setSpec></header><metadata><record xmlns="http://www.loc.gov/MARC21/slim" xmlns:dcterms="http://purl.org/dc/terms/" xmlns:doc="http://www.lyncode.com/xoai" xmlns:xsi="http://www.w3.org/2001/XMLSchema-instance" xsi:schemaLocation="http://www.loc.gov/MARC21/slim http://www.loc.gov/standards/marcxml/schema/MARC21slim.xsd">
   <leader>00925njm 22002777a 4500</leader>
   <datafield ind2=" " ind1=" " tag="042">
      <subfield code="a">dc</subfield>
   </datafield>
   <datafield ind2=" " ind1=" " tag="720">
      <subfield code="a">Fernández-Cabrera, Marta</subfield>
      <subfield code="e">author</subfield>
   </datafield>
   <datafield ind2=" " ind1=" " tag="260">
      <subfield code="c">2018</subfield>
   </datafield>
   <datafield ind2=" " ind1=" " tag="520">
      <subfield code="a">La política de dispersión de presos de ETA es una cuestión controvertida que se ha visto más discutida tras el cese definitivo de la actividad armada por parte de la organización terrorista. Desde hace tiempo, colectivos de presos vienen solicitando cumplir sus penas privativas de libertad en cárceles del País Vasco y Navarra para poder facilitar el régimen de visitas a sus familiares. La negativa del gobierno a reconsiderar esta postura ha suscitado pronunciamientos por parte de los tribunales españoles, que han mantenido una línea de rechazo similar. Sin embargo, el TEDH ha sostenido una posición diferente en supuestos similares, considerando que el cumplimiento de una pena de prisión alejado del domicilio constituye una injerencia vulneradora del Derecho a la vida personal y familiar previsto en el artículo 8 del CEDH (casos Khodorkovskiy and Lebedev c. Rusia y Vintman y Rodzevillo c. Ucrania). El presente trabajo aborda la cuestión de qué haría el TEDH si hipotéticamente tuviera que pronunciarse sobre esta cuestión a la luz de la jurisprudencia consolidada</subfield>
   </datafield>
   <datafield ind1="8" ind2=" " tag="024">
      <subfield code="a">La política de dispersión de presos de ETA a la luz de la jurisprudencia del Tribunal Europeo de Derechos Humanos  Marta Fernández Cabrera  Cuadernos de política criminal, ISSN 0210-4059, Nº 125, 2018, págs. 107-148</subfield>
   </datafield>
   <datafield ind1="8" ind2=" " tag="024">
      <subfield code="a">0210-4059</subfield>
   </datafield>
   <datafield ind1="8" ind2=" " tag="024">
      <subfield code="a">https://hdl.handle.net/10630/32827</subfield>
   </datafield>
   <datafield tag="653" ind2=" " ind1=" ">
      <subfield code="a">ETA (Organización)</subfield>
   </datafield>
   <datafield tag="653" ind2=" " ind1=" ">
      <subfield code="a">Presos - España</subfield>
   </datafield>
   <datafield ind2="0" ind1="0" tag="245">
      <subfield code="a">La política de dispersión de presos de ETA a la luz de la jurisprudencia del Tribunal Europeo de Derechos Humanos.</subfield>
   </datafield>
</record>
</metadata></record></GetRecord></OAI-PMH>